[Event "Budapest FS06 IM"]
[Site "Budapest"]
[Date "2023.06.13"]
[Round "9"]
[White "Jaeel, Atharva"]
[Black "Varshini, Veileven"]
[Result "0-1"]
[WhiteElo "2158"]
[BlackElo "2120"]
[PlyCount "72"]
[EventDate "2023.06.03"]
[EventType "tourn"]
[EventRounds "9"]
[EventCountry "HUN"]
[SourceTitle "CBM 214 Extra"]
[Source "ChessBase"]
[SourceDate "2023.07.31"]
[SourceVersion "1"]
[SourceVersionDate "2023.07.31"]
[SourceQuality "1"]

1. d4 d5 2. c4 e6 3. Nc3 Nf6 4. cxd5 exd5 5. Bg5 Be7 6. e3 Nbd7 7. Bd3 c6 8. Qc2 Nh5 9. Bxe7 Qxe7 10. Nge2 g6 11. g4 Ng7 12. 0-0-0 Nb6 13. h3 Be6 14. f3 0-0-0 15. e4 dxe4 16. fxe4 Kb8 17. Qd2 h5 18. Qf4+ Ka8 19. g5 h4 20. Qe3 Bc4 21. Rhg1 Bxd3 22. Rxd3 Ne6 23. b3 Rh5 24. Rg4 Rxg5 25. Rxh4 Rg1+ 26. Qxg1 Qxh4 27. Rf3 Qh6+ 28. Kc2 f5 29. exf5 gxf5 30. Qe3 f4 31. Qe5 a6 32. Kb2 Nd5 33. Nxd5 Rxd5 34. Qe4 Rd8 35. h4 Qf6 36. Rd3 Nc5 0-1

[Event "Budapest FS06 IM"]
[Site "Budapest"]
[Date "2023.06.06"]
[Round "4"]
[White "Fiedorek, Michal"]
[Black "Jaeel, Atharva"]
[Result "1-0"]
[WhiteElo "2333"]
[BlackElo "2158"]
[PlyCount "73"]
[EventDate "2023.06.03"]
[EventType "tourn"]
[EventRounds "9"]
[EventCountry "HUN"]
[SourceTitle "CBM 214 Extra"]
[Source "ChessBase"]
[SourceDate "2023.07.31"]
[SourceVersion "1"]
[SourceVersionDate "2023.07.31"]
[SourceQuality "1"]

1. e4 e5 2. Nf3 Nc6 3. Bb5 a6 4. Ba4 Nf6 5. 0-0 Be7 6. Re1 b5 7. Bb3 d6 8. c3 0-0 9. h3 Nb8 10. d4 Nbd7 11. c4 c6 12. a3 Bb7 13. Nc3 exd4 14. Nxd4 Ne5 15. cxb5 axb5 16. Bg5 h6 17. Bh4 Ne8 18. Bg3 Qb6 19. Kh2 Bf6 20. Nf5 Kh7 21. f4 Nc4 22. e5 dxe5 23. fxe5 Bg5 24. Ne4 g6 25. Bc2 Bc8 26. Nfd6 Ne3 27. Nxg5+ hxg5 28. Qh5+ Kg7 29. Qxg5 Nxc2 30. Nxe8+ Rxe8 31. Qf6+ Kf8 32. Qh8+ Ke7 33. Bh4+ Kd7 34. Rad1+ Nd4 35. e6+ Kc7 36. Qxe8 Nxe6 37. Rxe6 1-0

[Event "Budapest FS06 IM"]
[Site "Budapest"]
[Date "2023.06.05"]
[Round "3"]
[White "Jaeel, Atharva"]
[Black "Neverov, Valeriy"]
[Result "0-1"]
[WhiteElo "2158"]
[BlackElo "2418"]
[PlyCount "142"]
[EventDate "2023.06.03"]
[EventType "tourn"]
[EventRounds "9"]
[EventCountry "HUN"]
[SourceTitle "CBM 214 Extra"]
[Source "ChessBase"]
[SourceDate "2023.07.31"]
[SourceVersion "1"]
[SourceVersionDate "2023.07.31"]
[SourceQuality "1"]

1. d4 d5 2. c4 e6 3. Nc3 Be7 4. Nf3 Nf6 5. Bg5 h6 6. Bh4 0-0 7. cxd5 Nxd5 8. Bg3 c5 9. a3 cxd4 10. Nxd5 exd5 11. Bxb8 Rxb8 12. Nxd4 Qb6 13. Qd2 Bf6 14. e3 Bg4 15. h3 Bh5 16. Be2 Bxe2 17. Kxe2 Rfe8 18. Rhd1 Re4 19. Kf1 Bxd4 20. exd4 Rbe8 21. b4 Qc7 22. g3 Qc4+ 23. Kg2 Re2 24. Qf4 Rc2 25. Re1 Ree2 26. Rxe2 Qxe2 27. Rc1 Rxc1 28. Qxc1 Qe4+ 29. Kh2 g5 30. Qc3 Kg7 31. Kg1 h5 32. Qd2 Kg6 33. Kh2 h4 34. Qc3 hxg3+ 35. fxg3 Qe2+ 36. Kg1 f5 37. Qc8 Qe1+ 38. Kg2 Qe2+ 39. Kg1 Qd1+ 40. Kg2 Qd2+ 41. Kh1 Qe1+ 42. Kg2 Qe4+ 43. Kh2 f4 44. Qg8+ Kf6 45. Qf8+ Ke6 46. Qe8+ Kd6 47. Qd8+ Kc6 48. Qf6+ Kb5 49. gxf4 gxf4 50. Qg7 Kc4 51. Qxb7 Qe2+ 52. Kg1 Qe3+ 53. Kg2 Qg3+ 54. Kf1 Qxh3+ 55. Ke2 Qe3+ 56. Kf1 Qd2 57. a4 Qxd4 58. Kg2 Qe3 59. Kf1 f3 60. Qb5+ Kb3 61. Qxd5+ Kxa4 62. Qc4 Ka3 63. b5 Qd2 64. Qc5+ Kb3 65. Qf2 Qd1+ 66. Qe1 Qxe1+ 67. Kxe1 Kc4 68. Kf2 Kxb5 69. Kxf3 Kc4 70. Ke2 Kc3 71. Kd1 Kb2 0-1

[Event "Novi Sad Vojvodina op 12th"]
[Site "Novi Sad"]
[Date "2022.07.31"]
[Round "9"]
[White "Kostic, Vladimir G"]
[Black "Jaeel, Atharva"]
[Result "1/2-1/2"]
[WhiteElo "2189"]
[BlackElo "2111"]
[PlyCount "90"]
[EventDate "2022.07.24"]
[EventType "swiss"]
[EventRounds "9"]
[EventCountry "SRB"]
[SourceTitle "CBM 209 Extra"]
[Source "ChessBase"]
[SourceDate "2022.09.30"]
[SourceVersion "1"]
[SourceVersionDate "2022.09.30"]
[SourceQuality "1"]

1. e4 c5 2. Nf3 d6 3. c3 Nf6 4. Be2 g6 5. 0-0 Bg7 6. Bb5+ Nbd7 7. Re1 a6 8. Bf1 b5 9. c4 b4 10. a3 Bb7 11. d3 a5 12. Nbd2 0-0 13. g3 Ne8 14. Bg2 Nc7 15. Nf1 Ne6 16. h4 h5 17. N1h2 Ne5 18. Nxe5 dxe5 19. Be3 Qd6 20. Qe2 Rfd8 21. Rad1 Bc6 22. Bf1 Rab8 23. Ra1 a4 24. Nf3 Bd7 25. Kh2 Bc6 26. Red1 Rf8 27. Bg2 Rb7 28. Kg1 Rfb8 29. Bc1 Bd7 30. Kh2 Nd8 31. Bh3 Be8 32. Rg1 Ne6 33. Rd1 Rd8 34. Be3 Nc7 35. Ne1 Rdb8 36. Bc1 Bc6 37. Nf3 Ne6 38. Bg2 Nd8 39. Ne1 Bd7 40. Kg1 Nc6 41. Nc2 Na5 42. Be3 Nb3 43. Rab1 Bg4 44. f3 Be6 45. Qf2 Bd7 1/2-1/2

[Event "Novi Sad Vojvodina op 12th"]
[Site "Novi Sad"]
[Date "2022.07.25"]
[Round "2"]
[White "Korelskiy, Egor"]
[Black "Jaeel, Atharva"]
[Result "1/2-1/2"]
[WhiteElo "2314"]
[BlackElo "2111"]
[PlyCount "87"]
[EventDate "2022.07.24"]
[EventType "swiss"]
[EventRounds "9"]
[EventCountry "SRB"]
[SourceTitle "CBM 209 Extra"]
[Source "ChessBase"]
[SourceDate "2022.09.30"]
[SourceVersion "1"]
[SourceVersionDate "2022.09.30"]
[SourceQuality "1"]

1. e4 c5 2. Nf3 d6 3. d4 cxd4 4. Nxd4 Nf6 5. Nc3 a6 6. h3 e5 7. Nde2 h5 8. g3 Be6 9. Bg2 Nbd7 10. Be3 Rc8 11. 0-0 Be7 12. f4 Bc4 13. Qd2 b5 14. a3 Qc7 15. Rfd1 0-0 16. Rac1 Rfd8 17. f5 d5 18. Nxd5 Nxd5 19. exd5 Nf6 20. Nc3 b4 21. axb4 Bxb4 22. Bg5 Rd6 23. Bxf6 Rxf6 24. Kh1 Rxf5 25. d6 Qd7 26. Qe3 Bc5 27. Qe4 Bd4 28. Nd5 Bxd5 29. Qxd5 Rf6 30. Qb7 Rxd6 31. Qxd7 Rxd7 32. c3 Be3 33. Rxd7 Bxc1 34. Bd5 Bxb2 35. Bxf7+ Kh7 36. c4 Bd4 37. Rd6 Ra8 38. Bxh5 a5 39. Bg6+ Kg8 40. Be4 Ra7 41. Bg6 Ra8 42. Be4 Ra7 43. Bg6 Ra8 44. Be4 1/2-1/2

[Event "Goa op 2nd"]
[Site "Taleigao"]
[Date "2019.06.18"]
[Round "1"]
[White "Anurag, Mhamal"]
[Black "Jaeel, Atharva"]
[Result "1-0"]
[WhiteElo "2497"]
[BlackElo "2098"]
[PlyCount "59"]
[EventDate "2019.06.18"]
[EventType "swiss"]
[EventRounds "10"]
[EventCountry "IND"]
[SourceTitle "CBM 191 Extra"]
[Source "ChessBase"]
[SourceDate "2019.09.30"]
[SourceVersion "1"]
[SourceVersionDate "2019.09.30"]
[SourceQuality "1"]

1. Nf3 Nf6 2. g3 e6 3. Bg2 d5 4. 0-0 Be7 5. c4 0-0 6. Ne5 c5 7. d4 Nc6 8. cxd5 Nxe5 9. dxe5 Nxd5 10. Qb3 Qc7 11. Bxd5 exd5 12. Nc3 d4 13. Nd5 Qd8 14. e4 Bh3 15. Qxb7 Re8 16. Re1 Bf8 17. Bf4 Rb8 18. Qxa7 Rxb2 19. Qa3 Rb7 20. Qf3 Be6 21. a4 c4 22. a5 Rb3 23. Qd1 Bxd5 24. exd5 Qxd5 25. e6 fxe6 26. a6 Ra8 27. Re5 Qc6 28. a7 Bc5 29. Rc1 d3 30. Rxc5 1-0

[Event "Moscow Aeroflot op-B 18th"]
[Site "Moscow"]
[Date "2019.02.24"]
[Round "5"]
[White "Jaeel, Atharva"]
[Black "Chan, Kim Yew"]
[Result "0-1"]
[WhiteElo "2145"]
[BlackElo "2301"]
[PlyCount "88"]
[EventDate "2019.02.20"]
[EventType "swiss"]
[EventRounds "9"]
[EventCountry "RUS"]
[SourceTitle "CBM 189 Extra"]
[Source "ChessBase"]
[SourceDate "2019.06.03"]
[SourceVersion "1"]
[SourceVersionDate "2019.06.03"]
[SourceQuality "1"]

1. d4 Nf6 2. Bg5 Ne4 3. Bf4 d5 4. e3 c5 5. dxc5 Nc6 6. Nf3 Bg4 7. Be2 e6 8. Nbd2 Nxd2 9. Qxd2 Bxc5 10. h3 Bh5 11. a3 0-0 12. 0-0 Qe7 13. Rfd1 Rfd8 14. Rac1 a5 15. Qe1 a4 16. Rd2 e5 17. Bg3 f6 18. Bh4 Bf7 19. Rdd1 Na5 20. Nd2 d4 21. exd4 Bxd4 22. c3 Ba7 23. Ne4 Bb3 24. Rxd8+ Rxd8 25. Nd2 Be6 26. Rd1 Nb3 27. Nxb3 axb3 28. Rxd8+ Qxd8 29. Bf3 Qd7 30. Qe4 Bc5 31. a4 b6 32. Qa8+ Bf8 33. Qb8 Qxa4 34. Qxb6 Bf7 35. Bg3 Qa1+ 36. Kh2 Qxb2 37. Qb7 Qxc3 38. Be4 Qb4 39. Qc6 b2 40. Bb1 Qc4 41. Qb7 Qb3 42. Qxb3 Bxb3 43. Kg1 Bf7 44. Kf1 Bg6 0-1

[Event "Moscow Aeroflot op-B 18th"]
[Site "Moscow"]
[Date "2019.02.20"]
[Round "1"]
[White "Jaeel, Atharva"]
[Black "Zakaryan, David"]
[Result "1/2-1/2"]
[WhiteElo "2145"]
[BlackElo "2382"]
[PlyCount "125"]
[EventDate "2019.02.20"]
[EventType "swiss"]
[EventRounds "9"]
[EventCountry "RUS"]
[SourceTitle "CBM 189 Extra"]
[Source "ChessBase"]
[SourceDate "2019.06.03"]
[SourceVersion "1"]
[SourceVersionDate "2019.06.03"]
[SourceQuality "1"]

1. d4 d5 2. c4 e6 3. Nc3 Be7 4. Nf3 Nf6 5. Bg5 0-0 6. e3 Nbd7 7. Qc2 c6 8. a3 h6 9. Bh4 Nh5 10. Bxe7 Qxe7 11. Bd3 dxc4 12. Bxc4 e5 13. 0-0 Re8 14. dxe5 Nxe5 15. Be2 Nf6 16. Rfd1 Bg4 17. Nxe5 Qxe5 18. h3 Be6 19. Bf3 Re7 20. Rac1 Qg5 21. Kh2 Qe5+ 22. Kg1 g6 23. Qa4 Rd7 24. Rxd7 Nxd7 25. Rd1 Nb6 26. Qh4 Kg7 27. Qe7 Rb8 28. Bg4 Nc8 29. Qe8 Nb6 30. Qe7 Qf6 31. Qc7 Bxg4 32. hxg4 Re8 33. Qxb7 Re7 34. Qa6 Qe6 35. Qe2 Rb7 36. Qa6 Re7 37. Rd4 Qb3 38. Qe2 c5 39. Qd1 Qxd1+ 40. Rxd1 Nc4 41. Na4 Re4 42. Nxc5 Rxg4 43. Nd3 h5 44. Rc1 Nd2 45. Ne1 a5 46. Rc2 Nb3 47. Nd3 Rg5 48. Kf1 h4 49. Ne1 Rb5 50. Nd3 Rg5 51. Nc1 Nxc1 52. Rxc1 Rb5 53. Rc2 g5 54. f3 Kg6 55. Ke2 Rb3 56. e4 g4 57. fxg4 Kg5 58. Rc5+ Kxg4 59. Rxa5 Rxb2+ 60. Kf1 Ra2 61. Rf5 Rxa3 62. Rxf7 Re3 63. Rg7+ 1/2-1/2

[Event "Gujarat op 1st"]
[Site "Ahmedabad"]
[Date "2018.10.11"]
[Round "9"]
[White "Kushagra, Mohan"]
[Black "Jaeel, Atharva"]
[Result "1/2-1/2"]
[WhiteElo "2283"]
[BlackElo "2130"]
[PlyCount "77"]
[EventDate "2018.10.05"]
[EventType "swiss"]
[EventRounds "10"]
[EventCountry "IND"]
[SourceTitle "CBM 186 Extra"]
[Source "ChessBase"]
[SourceDate "2018.08.24"]
[SourceVersion "1"]
[SourceVersionDate "2018.08.24"]
[SourceQuality "1"]

1. e4 c6 2. d4 d5 3. Nd2 dxe4 4. Nxe4 Bf5 5. Ng3 Bg6 6. Nf3 Nd7 7. Bf4 e6 8. Bd3 Ngf6 9. 0-0 Be7 10. c4 0-0 11. Bxg6 hxg6 12. Qe2 Re8 13. Rfd1 Qb6 14. a3 a5 15. Rab1 a4 16. Ne5 c5 17. dxc5 Nxc5 18. h4 Rad8 19. h5 gxh5 20. Nxh5 Rxd1+ 21. Rxd1 Rd8 22. Rf1 Ncd7 23. Bg5 Nxe5 24. Qxe5 Qd4 25. Qb5 Qd7 26. Nxf6+ gxf6 27. Qxd7 Rxd7 28. Be3 f5 29. Rc1 Bf6 30. Rc2 Rd3 31. Kf1 Rb3 32. Bc1 Kf8 33. c5 Ke7 34. c6 bxc6 35. Rxc6 Bxb2 36. Bxb2 Rxb2 37. Ra6 Rb1+ 38. Ke2 Rb2+ 39. Ke1 1/2-1/2

[Event "Gujarat op 1st"]
[Site "Ahmedabad"]
[Date "2018.10.06"]
[Round "2"]
[White "Jaeel, Atharva"]
[Black "Vignesh, NR."]
[Result "0-1"]
[WhiteElo "2130"]
[BlackElo "2447"]
[PlyCount "216"]
[EventDate "2018.10.05"]
[EventType "swiss"]
[EventRounds "10"]
[EventCountry "IND"]
[SourceTitle "CBM 186 Extra"]
[Source "ChessBase"]
[SourceDate "2018.08.24"]
[SourceVersion "1"]
[SourceVersionDate "2018.08.24"]
[SourceQuality "1"]

1. d4 Nf6 2. Nf3 d5 3. c4 e6 4. Nc3 a6 5. cxd5 exd5 6. Bg5 Be6 7. e3 Nbd7 8. Bd3 h6 9. Bh4 Be7 10. 0-0 0-0 11. Qc2 c6 12. Rfc1 Re8 13. Rab1 Bg4 14. Nd2 a5 15. Re1 Be6 16. a3 Nh5 17. Bxe7 Qxe7 18. Bh7+ Kf8 19. Bf5 Bxf5 20. Qxf5 Nhf6 21. e4 dxe4 22. Ndxe4 Qe6 23. Qxe6 Rxe6 24. Nxf6 Rxe1+ 25. Rxe1 Nxf6 26. Re5 Nd7 27. Re1 Nb6 28. b3 Rd8 29. Rd1 Nd5 30. Nxd5 Rxd5 31. Kf1 c5 32. Ke2 cxd4 33. Kd3 Rg5 34. g3 Rf5 35. f4 Rc5 36. Kxd4 Rc2 37. Ke3 Rb2 38. Rd3 b5 39. Kd4 Ra2 40. b4 axb4 41. axb4 Rxh2 42. Kc5 Rh5+ 43. Kc6 Rf5 44. Rd8+ Ke7 45. Rd7+ Ke8 46. Rb7 g5 47. fxg5 Rxg5 48. Rb8+ Ke7 49. Rxb5 Rg6+ 50. Kc7 Rg4 51. Rh5 Rc4+ 52. Kb6 Rxb4+ 53. Kc5 Rb3 54. g4 Kf6 55. Rxh6+ Kg5 56. Rh7 Kg6 57. Rh4 Rd3 58. Kc4 Rd8 59. Rh5 Rd1 60. Rf5 f6 61. Kc3 Rd8 62. Kc4 Rd2 63. Kc3 Rd1 64. Kc2 Rd4 65. Rf3 Rd6 66. Rf4 Kg5 67. Re4 Rd8 68. Rc4 Rd6 69. Re4 Kh4 70. Kc3 Kg3 71. Kc2 Kf3 72. Rc4 Ke3 73. Rc5 Kf4 74. Rc4+ Kf3 75. Kc3 Rd1 76. Kc2 Rd6 77. Kc3 Ke3 78. Rc5 Kf4 79. Rc4+ Kg3 80. Kc2 Kh3 81. Rf4 Kh4 82. Re4 Kg5 83. Rc4 Rd8 84. Re4 Kh4 85. Rf4 Rd6 86. Re4 Kg3 87. Rc4 Kf3 88. Kc3 Re6 89. Kd3 Re3+ 90. Kd2 Re2+ 91. Kd3 Rf2 92. Ra4 Kg3 93. Ke3 Rf3+ 94. Ke2 Rf4 95. Ra6 Kxg4 96. Ke3 Kg3 97. Rb6 f5 98. Rg6+ Rg4 99. Rf6 Re4+ 100. Kd3 Kg4 101. Rg6+ Kf3 102. Rh6 Re8 103. Rh3+ Kg2 104. Rh5 f4 105. Rf5 f3 106. Rg5+ Kf1 107. Rf5 f2 108. Rg5 Ke1 0-1

[Event "Badalona op 44th"]
[Site "Badalona"]
[Date "2018.08.01"]
[Round "1"]
[White "Oliva Castaneda, Kevel"]
[Black "Jaeel, Atharva"]
[Result "1-0"]
[WhiteElo "2479"]
[BlackElo "2081"]
[PlyCount "46"]
[EventDate "2018.08.01"]
[EventType "swiss"]
[EventRounds "9"]
[EventCountry "ESP"]
[SourceTitle "CBM 185 Extra"]
[Source "ChessBase"]
[SourceDate "2018.07.29"]
[SourceVersion "1"]
[SourceVersionDate "2018.07.29"]
[SourceQuality "1"]

1. d4 d5 2. Bf4 Nf6 3. e3 e6 4. Nd2 c5 5. c3 Nc6 6. Ngf3 Bd6 7. Bg3 0-0 8. Bd3 Re8 9. Ne5 Bxe5 10. dxe5 Nd7 11. Nf3 Nf8 12. h4 Ne7 13. h5 h6 14. Bf4 Qb6 15. Qe2 Bd7 16. Rh3 a6 17. Qd2 Rad8 18. 0-0-0 Bb5 19. Bc2 Nc6 20. Bxh6 gxh6 21. Rg3+ Kh8 22. e4 Nh7 23. Qxh6 Rg8 1-0

[Event "Barcelona Sant Marti op-A 20th"]
[Site "Barcelona"]
[Date "2018.07.19"]
[Round "7"]
[White "Jaeel, Atharva"]
[Black "Kadam, Om Manish"]
[Result "1/2-1/2"]
[WhiteElo "2083"]
[BlackElo "1836"]
[PlyCount "66"]
[EventDate "2018.07.13"]
[EventType "swiss"]
[EventRounds "9"]
[EventCountry "ESP"]
[SourceTitle "CBM 185 Extra"]
[Source "ChessBase"]
[SourceDate "2018.07.29"]
[SourceVersion "1"]
[SourceVersionDate "2018.07.29"]
[SourceQuality "1"]

1. d4 d5 2. c4 e6 3. Nc3 Nf6 4. Nf3 Be7 5. Bg5 0-0 6. e3 c6 7. Qc2 Nbd7 8. Rd1 Re8 9. Bd3 h6 10. Bh4 dxc4 11. Bxc4 b5 12. Bd3 Bb7 13. a3 Qb6 14. 0-0 a6 15. Qe2 c5 16. dxc5 Nxc5 17. Bb1 b4 18. axb4 Qxb4 19. Rd4 Bxf3 20. gxf3 Qb7 21. b4 Ncd7 22. Ne4 e5 23. Rc4 Rac8 24. Rfc1 Rxc4 25. Rxc4 a5 26. Bxf6 Nxf6 27. Qc2 Nxe4 28. Rxe4 Bxb4 29. Rc4 Qxf3 30. Qh7+ Kf8 31. Rc7 Qg4+ 32. Kh1 Qd1+ 33. Kg2 Qg4+ 1/2-1/2

[Event "Barcelona Sant Marti op-A 20th"]
[Site "Barcelona"]
[Date "2018.07.16"]
[Round "4"]
[White "Nigalidze, Zviad"]
[Black "Jaeel, Atharva"]
[Result "0-1"]
[WhiteElo "1968"]
[BlackElo "2083"]
[PlyCount "164"]
[EventDate "2018.07.13"]
[EventType "swiss"]
[EventRounds "9"]
[EventCountry "ESP"]
[SourceTitle "CBM 185 Extra"]
[Source "ChessBase"]
[SourceDate "2018.07.29"]
[SourceVersion "1"]
[SourceVersionDate "2018.07.29"]
[SourceQuality "1"]

1. e4 c6 2. d4 d5 3. e5 c5 4. c3 Nc6 5. Nf3 Bg4 6. Bb5 Qb6 7. Bxc6+ bxc6 8. dxc5 Qxc5 9. 0-0 e6 10. h3 Bh5 11. Nbd2 Qb6 12. Qa4 Ne7 13. Nd4 Bg6 14. N2f3 Rc8 15. b4 Bd3 16. Rd1 Bb5 17. Qc2 Ng6 18. a4 Ba6 19. Be3 Qb8 20. b5 Bb7 21. bxc6 Bxc6 22. Rdb1 Qa8 23. Nxc6 Rxc6 24. Qb3 a6 25. a5 Be7 26. Nd4 Rc4 27. Qb8+ Qxb8 28. Rxb8+ Kd7 29. Rb7+ Rc7 30. Rxc7+ Kxc7 31. Nf3 Rb8 32. Bb6+ Kd7 33. g3 Rc8 34. Bd4 Bd8 35. Nd2 h5 36. Nb3 Be7 37. Nc1 Rb8 38. Nd3 Rb5 39. Ra4 Bd8 40. Nc5+ Kc8 41. Nxa6 Rxa5 42. Rxa5 Bxa5 43. Nc5 Kc7 44. Nb3 Bb6 45. Kg2 Kc6 46. Bxb6 Kxb6 47. f4 h4 48. Kf3 Kb5 49. Nd2 hxg3 50. Kxg3 Ne7 51. Kg4 Ka4 52. c4 d4 53. Kf3 Kb4 54. Ke2 Kc3 55. c5 d3+ 56. Kd1 Kd4 57. Nb3+ Kc4 58. Nc1 Kxc5 59. Nxd3+ Kd4 60. Ke2 Ke4 61. Kd2 Nd5 62. Nc5+ Kxf4 63. Nd7 Ke4 64. Ke2 Nf4+ 65. Kf2 Nxh3+ 66. Kg3 Nf4 67. Kg4 Ng6 68. Kg5 Nxe5 69. Nc5+ Kd5 70. Nb3 f6+ 71. Kf4 g5+ 72. Ke3 f5 73. Nc1 f4+ 74. Ke2 Ke4 75. Nb3 g4 76. Nc5+ Kf5 77. Nb7 f3+ 78. Ke3 g3 79. Nd6+ Kg4 80. Ne8 Nc4+ 81. Ke4 f2 82. Nf6+ Kh4 0-1

[Event "Barbera del Valles op 41st"]
[Site "Barbera del Valles"]
[Date "2018.07.12"]
[Round "9"]
[White "Saurabh, Anand"]
[Black "Jaeel, Atharva"]
[Result "1-0"]
[WhiteElo "2258"]
[BlackElo "2083"]
[PlyCount "57"]
[EventDate "2018.07.04"]
[EventType "swiss"]
[EventRounds "9"]
[EventCountry "ESP"]
[SourceTitle "CBM 185 Extra"]
[Source "ChessBase"]
[SourceDate "2018.07.29"]
[SourceVersion "1"]
[SourceVersionDate "2018.07.29"]
[SourceQuality "1"]

1. d4 d5 2. c4 c6 3. e3 Nf6 4. Nf3 e6 5. Nc3 Nbd7 6. b3 Bd6 7. Bd3 e5 8. dxe5 Nxe5 9. Nxe5 Bxe5 10. Bb2 0-0 11. Qc2 dxc4 12. bxc4 Re8 13. 0-0-0 Qa5 14. f4 Bxc3 15. Bxc3 Qa3+ 16. Kb1 Bg4 17. Rde1 b5 18. Bb2 Qb4 19. c5 Rad8 20. e4 Nd7 21. f5 Ne5 22. a3 Qa5 23. Re3 Nxd3 24. Rxd3 Rxd3 25. Qxd3 Qa4 26. h3 b4 27. Qd4 f6 28. hxg4 Qb3 29. Rh3 1-0

[Event "Barbera del Valles op 41st"]
[Site "Barbera del Valles"]
[Date "2018.07.10"]
[Round "7"]
[White "Jaeel, Atharva"]
[Black "Frayna, Janelle Mae"]
[Result "1-0"]
[WhiteElo "2083"]
[BlackElo "2315"]
[PlyCount "127"]
[EventDate "2018.07.04"]
[EventType "swiss"]
[EventRounds "9"]
[EventCountry "ESP"]
[SourceTitle "CBM 185 Extra"]
[Source "ChessBase"]
[SourceDate "2018.07.29"]
[SourceVersion "1"]
[SourceVersionDate "2018.07.29"]
[SourceQuality "1"]

1. d4 g6 2. c4 Bg7 3. g3 Nf6 4. Bg2 d5 5. cxd5 Nxd5 6. Nf3 c5 7. e4 Nb6 8. d5 e6 9. 0-0 0-0 10. Bg5 Qd7 11. Nc3 exd5 12. exd5 Bxc3 13. bxc3 Qxd5 14. Qe2 Nc6 15. Bh6 Bf5 16. Nd4 Nxd4 17. cxd4 Qxd4 18. Bxf8 Rxf8 19. Rfd1 Qa4 20. Qe7 c4 21. Rd8 Rxd8 22. Qxd8+ Kg7 23. Qd4+ Kg8 24. Bxb7 Qc2 25. Re1 Be6 26. Qd8+ Kg7 27. Qd4+ Kg8 28. h4 Qd3 29. Qxd3 cxd3 30. Ba6 d2 31. Rd1 Bxa2 32. Rxd2 Be6 33. Rc2 Nd5 34. Bc8 Nb4 35. Rb2 Bxc8 36. Rxb4 Kg7 37. Rb8 Be6 38. Ra8 h5 39. Rxa7 Kf6 40. Kf1 g5 41. Ke2 gxh4 42. gxh4 Kf5 43. Kf3 f6 44. Ra5+ Kg6 45. Kf4 Bb3 46. Ra3 Be6 47. Rg3+ Kf7 48. Ke4 Ba2 49. Ra3 Be6 50. Kd4 Kg6 51. Kc5 Kf7 52. Kd6 Bc4 53. Ra7+ Kg6 54. Ke7 Be2 55. Rb7 Kf5 56. Rb4 Bd1 57. Kf7 Be2 58. Kg7 Ke5 59. Rb6 f5 60. Kg6 Bg4 61. Kg5 Ke4 62. Rb4+ Ke5 63. Rf4 Bh3 64. f3 1-0

[Event "Montcada op-A 26th"]
[Site "Montcada"]
[Date "2018.06.25"]
[Round "1"]
[White "Himanshu, Sharma"]
[Black "Jaeel, Atharva"]
[Result "1-0"]
[WhiteElo "2420"]
[BlackElo "2083"]
[PlyCount "93"]
[EventDate "2018.06.25"]
[EventType "swiss"]
[EventRounds "9"]
[EventCountry "ESP"]
[SourceTitle "CBM 185 Extra"]
[Source "ChessBase"]
[SourceDate "2018.07.29"]
[SourceVersion "1"]
[SourceVersionDate "2018.07.29"]
[SourceQuality "1"]

1. e4 e5 2. Nf3 Nf6 3. Nxe5 d6 4. Nf3 Nxe4 5. Nc3 Nxc3 6. dxc3 Be7 7. Bf4 Nc6 8. Qd2 Be6 9. 0-0-0 Qd7 10. b3 h6 11. h3 a6 12. Nd4 Nxd4 13. cxd4 d5 14. Kb2 0-0-0 15. Bd3 Bf6 16. Qc3 Rhe8 17. Rhe1 Be7 18. Re2 Bd6 19. Qd2 Bxf4 20. Qxf4 Qd6 21. Qf3 Re7 22. Rde1 Rde8 23. Re3 Kd8 24. Qg3 Qxg3 25. Rxg3 f6 26. Kc3 Bd7 27. Rxe7 Rxe7 28. Kb4 c6 29. a4 Kc7 30. h4 Kb6 31. a5+ Kc7 32. Kc5 Bc8 33. h5 Bd7 34. c4 Be8 35. Bg6 Bxg6 36. Rxg6 dxc4 37. bxc4 f5 38. f4 Kd8 39. d5 cxd5 40. cxd5 Rc7+ 41. Kd6 Re7 42. g3 Rf7 43. Ke5 Kd7 44. Rd6+ Kc7 45. Rb6 Rf8 46. d6+ Kc8 47. Ke6 1-0

[Event "Bangkok Cha Am op 18th"]
[Site "Bangkog"]
[Date "2018.04.15"]
[Round "3"]
[White "Swapnil, S Dhopade"]
[Black "Jaeel, Atharva"]
[Result "1-0"]
[WhiteElo "2526"]
[BlackElo "1957"]
[PlyCount "119"]
[EventDate "2018.04.13"]
[EventType "swiss"]
[EventRounds "9"]
[EventCountry "THA"]
[SourceTitle "CBM 184 Extra"]
[Source "ChessBase"]
[SourceDate "2018.06.28"]
[SourceVersion "1"]
[SourceVersionDate "2018.06.28"]
[SourceQuality "1"]

1. Nf3 Nf6 2. g3 d5 3. Bg2 e6 4. 0-0 Be7 5. c4 0-0 6. b3 c5 7. Bb2 Nc6 8. cxd5 Nxd5 9. d4 cxd4 10. Nxd4 Nxd4 11. Qxd4 Bf6 12. Qd2 Qb6 13. Rd1 Bxb2 14. Qxb2 Nf6 15. Na3 Bd7 16. Nc4 Qc7 17. Rac1 Rad8 18. Qe5 Qxe5 19. Nxe5 Bc8 20. Bf3 Nd5 21. Bxd5 exd5 22. Rc7 f6 23. Nf3 Rf7 24. Rdc1 Bg4 25. Nd4 Rxc7 26. Rxc7 Rd7 27. Rc8+ Kf7 28. f3 Be6 29. g4 h6 30. h4 Re7 31. Rd8 Rd7 32. Rb8 a6 33. h5 Rc7 34. Kf2 Bc8 35. Ke3 Ke7 36. Nf5+ Bxf5 37. gxf5 Kd6 38. Kd4 Re7 39. e3 Kc7 40. Rg8 Kc6 41. Rc8+ Kd6 42. Rb8 Kc7 43. Rg8 Kc6 44. b4 b6 45. a4 Rd7 46. Re8 Kb7 47. Re6 Ka7 48. f4 Kb7 49. a5 bxa5 50. bxa5 Ka7 51. Rc6 Kb7 52. Kc5 Re7 53. Re6 Rd7 54. Rb6+ Ka7 55. Rd6 Re7 56. Kxd5 Rxe3 57. Rd7+ Kb8 58. Rxg7 Rh3 59. Ke6 Rxh5 60. Kxf6 1-0

[Event "Chennai op 9th"]
[Site "Chennai"]
[Date "2017.01.21"]
[Round "4"]
[White "Jaeel, Atharva"]
[Black "Ganguly, Ritabroto"]
[Result "0-1"]
[WhiteElo "1746"]
[BlackElo "1977"]
[PlyCount "68"]
[EventDate "2017.01.18"]
[EventType "swiss"]
[EventRounds "10"]
[EventCountry "IND"]
[SourceTitle "CBM 176 Extra"]
[Source "ChessBase"]
[SourceDate "2017.03.02"]
[SourceVersion "1"]
[SourceVersionDate "2017.03.02"]
[SourceQuality "1"]

1. d4 d5 2. c4 e6 3. Nc3 Nf6 4. Nf3 Be7 5. Bf4 0-0 6. e3 b6 7. cxd5 Nxd5 8. Nxd5 exd5 9. Qa4 Bd7 10. Qb3 Be6 11. Be2 c5 12. 0-0 Bd6 13. Bxd6 Qxd6 14. dxc5 bxc5 15. Qc3 Nd7 16. Rfd1 Nf6 17. Rac1 Rfc8 18. Qe5 Qb6 19. Ne1 Rab8 20. b3 c4 21. bxc4 dxc4 22. Nf3 Qa6 23. Nd4 Qxa2 24. Rc2 Qa4 25. Rdc1 Bd5 26. Nf5 Re8 27. Qg3 g6 28. Ne7+ Kg7 29. Nf5+ Kh8 30. Nd6 Red8 31. Qe5 Kg7 32. Bxc4 Bxc4 33. Rxc4 Qd7 34. Rd1 Qxd6 0-1

[Event "Mumbai Wealth op"]
[Site "Mumbai"]
[Date "2016.02.03"]
[Round "7"]
[White "Neelakantan, Narayanan"]
[Black "Jaeel, Atharva"]
[Result "1-0"]
[WhiteElo "1942"]
[BlackElo "1644"]
[PlyCount "79"]
[EventDate "2016.01.28"]
[EventType "swiss"]
[EventRounds "9"]
[EventCountry "IND"]
[SourceTitle "CBM 170 Extra"]
[Source "ChessBase"]
[SourceDate "2016.02.25"]
[SourceVersion "1"]
[SourceVersionDate "2016.02.25"]
[SourceQuality "1"]

1. e4 e5 2. Nf3 Nc6 3. Bc4 Bc5 4. d3 h6 5. c3 Nf6 6. b4 Bd6 7. Nbd2 0-0 8. Nf1 Re8 9. Ng3 Bf8 10. Qb3 d5 11. exd5 e4 12. dxe4 Nxe4 13. 0-0 Nb8 14. Nxe4 Rxe4 15. Bd3 Re8 16. Bf4 Bg4 17. Ne5 Qf6 18. Nxg4 Qxf4 19. f3 Bd6 20. g3 Qg5 21. Kg2 h5 22. Nf2 Qd8 23. Rae1 Rxe1 24. Rxe1 Nd7 25. f4 Nf6 26. Ne4 Nxe4 27. Rxe4 Qd7 28. f5 Be7 29. Qd1 Qxd5 30. Qf3 Rd8 31. f6 Bf8 32. Bc4 Qg5 33. h4 Qxf6 34. Rf4 Rd2+ 35. Kh3 Qh6 36. Rxf7 Qg6 37. Rf6+ Kh7 38. Rxg6 Kxg6 39. Qf7+ Kh7 40. Qxh5# 1-0